[Event "Nations Cup Online Prelim"]
[Site "Chess.com INT"]
[Date "2020.05.08"]
[Round "8.3"]
[White "Duda, Jan Krzysztof"]
[Black "Harikrishna, Pentala"]
[Result "1-0"]
[WhiteElo "2753"]
[BlackElo "2719"]
[Annotator "Duda,Jan Krzysztof"]
[PlyCount "155"]
[EventDate "2020.05.05"]
[EventType "team-tourn"]
[EventRounds "10"]
[EventCountry "USA"]
[SourceTitle "CBM 196"]
[Source "ChessBase"]
[SourceDate "2020.06.30"]
[SourceVersion "1"]
[SourceVersionDate "2020.06.30"]
[SourceQuality "1"]
[WhiteTeam "Europe"]
[BlackTeam "India"]
[BlackTeamCountry "IND"]

{[%evp 0,155,29,20,27,4,4,4,14,7,14,11,43,47,45,24,30,23,19,-5,30,28,22,39,28,
39,38,15,116,88,67,91,84,100,113,33,78,63,54,12,-7,-1,-26,-34,-34,-34,-40,-30,
-15,-17,-71,-78,70,-36,-40,5,-6,-26,-37,-36,-39,-24,-30,-24,-12,-12,-24,-31,
-27,-63,-79,-70,-75,-71,-71,-89,-20,-76,-58,-83,-19,-38,-20,-22,-19,-19,-41,
-32,41,-2,0,0,26,18,18,18,26,-41,99,101,101,117,192,204,248,256,258,261,303,
195,240,140,122,133,129,130,119,184,184,179,187,199,197,166,142,164,139,187,
187,187,166,166,166,166,166,168,197,213,253,253,309,266,300,185,299,305,367,
360,398,349,363,449,509,509,509,527,1202,1387]} {It was our second match
against India. In the first one, we were extremely lucky to win. I somehow
managed to held what was a wretch of the position against Pentala Harikrishna,
meanwhile Levon won a very lucky game, where in a completely drawn position
his opponent found what looked like the only way to lose by force. This
encounter was my 2nd game in that day, after a terrible loss to Yu Yangyi,
which basically lost the match against China. I was feeling horribly, but at
least I'd got the white pieces, where I had 100% efficacy} 1. d4 d5 2. c4 e6 3.
Nc3 Be7 {I had only barely expected this, but I wasn't overly prepared anyway,
so it was kind of a pleasant surprise in fact.} 4. cxd5 exd5 5. Bf4 c6 6. e3
Bf5 7. Nge2 Nd7 8. Ng3 (8. h4 {was actually my theory. Here taking on h4 is
not so good, and that makes a difference:} h5 (8... Bxh4 $6 9. Qb3 b6 10. Nxd5
$1 cxd5 11. Rxh4 Qxh4 12. Qxd5 Qd8 13. Qxf5 Ne7 14. Qh3 $36 {where White is
better}) (8... Ngf6 9. Ng3 Be6 10. Bd3 {is another possibility, but it looks
nice for White}) 9. Ng3 Bg6 (9... Bg4 10. Qb3) 10. Bd3 {and we transpose to
the game.}) 8... Bg6 (8... Be6 9. Nh5 Bf8 10. Bg3) 9. h4 {I couldn't have
recalled how to get to the position which happened in the game, and after 3
min of thinking, I decided to gamble with this move. I ought to have started
with 8.h4! as described earlier.} h5 $6 (9... Bxh4 $1 {is obviously critical.
White has enough compensation for the pawn, but no more than that} 10. Qb3 Bxg3
(10... Nb6 11. a4 Bxg3 12. Bxg3 a5 13. Ne2) 11. Bxg3 Qb6 12. Na4 Qa5+ 13. Nc3
Qb6 {is a possible repetition.}) 10. Bd3 Bxd3 11. Qxd3 g6 {This move is way
too slow, but denying access to the f5-square makes perfect sense of course.} (
11... Ngf6 12. Nf5 O-O 13. f3 $40 {and the h5-pawn is like a red rag for the
g-pawn.}) 12. e4 $1 {Thanks to the advantage in development White has a nice
initiative.} Ngf6 (12... dxe4 13. Ngxe4 Ngf6 14. Nd6+ {is hardly any better.})
(12... Nb6 13. O-O $32) 13. e5 {The e5-e6 idea was obviously too tempting not
to give it a try, even though the computer considers both ways of castling as
well.} Nh7 {Frankly I expected this retreat least.} (13... Ng4 {looked logical,
but I missed the next move!} 14. Qd2 $1 {and suddenly there is an issue with
the g4-knight} (14. f3 Nh6 15. Qd2 Ng8 16. Bg5 {is a bit better for White, but
it looks like there must be something better than that.}) (14. e6 $6 {it's
funny, because the engine thinks Black is better already!} Nf8 15. exf7+ Kxf7
16. f3 Nh6 17. O-O-O Bxh4 18. Kb1 {White has some compensation, but at best
only enough for a draw.} Bf6 19. Bxh6 Rxh6 20. f4) 14... Bxh4 15. Nce2 (15. f3
Bxg3+ 16. Bxg3 Nh6 17. Bh4 $40) 15... Qe7 16. Kf1 (16. f3 Bxg3+ 17. Nxg3 Ngf6
18. Bg5 Qe6 19. O-O-O Nh7 20. Bh4 $16) 16... O-O-O 17. f3 Bxg3 18. Nxg3 $16) (
13... Ng8 14. e6 Nf8 15. exf7+ Kxf7 {For some reason the engine prefers to
have Ng8-Rh7 rather than Nh7-Rg8. I can't really find a reason for that, but
it's difficult to compete against a 3600+ rating :)}) 14. e6 Ndf8 15. exf7+ {
White is already winning!} Kxf7 16. Be5 Rg8 (16... Nf6 17. f4 Rh6 18. f5 $18)
17. f4 $2 {I was very temped to start an attack asap, but apparently it would
be smarter to prepare it properly.} (17. O-O-O $1 Bxh4 18. Kb1 (18. f4 $2 {
for some reason isn't winning:} Bxg3 19. Qxg3 Nf6 $1 20. f5 N8d7 {and by some
miracle Black is not losing, or the engine does think so.}) 18... Qe7 19. Rde1
Bf6 20. f4 $18 {and finally White is prepared well enough to unleash a
smashing attack.}) 17... Bxh4 18. f5 $2 (18. O-O {was called for, and is still
winning for White:} Bxg3 19. Qxg3 Nf6 20. f5 g5 21. Na4 N8d7 22. Rae1 $18 {
and Black would not cope with an combined attack on both wings.}) 18... Bxg3+
19. Bxg3 $6 (19. Qxg3 Qg5 20. fxg6+ Kxg6 21. Qd3+ Kh6 22. g4 Qxg4 23. Ne2 $13 {
is possibly better, but it wasn't my idea at all.}) 19... Qg5 $1 $132 {now
Black is in the driver's seat, and White has yet to prove something for the
missing pawn} 20. O-O Nf6 21. Bf4 (21. Be5 N8d7 22. Rae1 Rae8 {White just
can't generate enough firepower.}) 21... Qg4 22. Nd1 {Improving the miserable
knight.} Re8 $1 {A very brilliant idea, which I didn't see. Black keeps the
momentum, and decides to sacrifice an exchange, so that the rest of his pieces
are well placed to start attacking.} 23. Ne3 Rxe3 (23... Qh4 {is also decent.})
24. Bxe3 gxf5 {Now the position is unclear, but it's White who has to play
precisely in order to keep the balance.} 25. Qc2 Ne6 (25... Qe4 $5 26. Qxe4 (
26. Qd2 Ne6 27. Rae1 Qg4 $19) 26... fxe4 27. Rf5 N8h7 {I'm not sure how big
Black's edge is here.}) (25... Ke6 $1 {is a cool move, after which White would
have to find a lot of precise moves to stay afloat:} 26. Rf4 $8 Qh3 27. Re1 Ne4
28. Qe2 Rg3 29. Rf3 Ng6 30. Bf4 $1 Qxg2+ 31. Qxg2 Rxg2+ 32. Kxg2 Nh4+ 33. Kf1
Nxf3 34. Rd1 Nh4 35. Ke2 Ng6 36. Ke3 $11 {and it's close to level according to
Stockfish.}) 26. Rxf5 Nxd4 27. Bxd4 Qxd4+ 28. Qf2 {To be honest I don't know
why I decided to exchange the queens.} (28. Rf2 {Probably I thought that
Black's construction is rock-solid, but in fact Black has the only way to
avoid trouble:} Ke7 $1 29. Rd1 Qe3 (29... Qb6 30. Qf5 Ng4 $8 $11 {and there
are zeros everywhere, e.g.} 31. Re1+ Kd8 32. Ree2 Qd4 33. Qf4 Qd1+ 34. Rf1 Qxe2
35. Qb8+ Ke7 36. Qxg8 Qe3+ 37. Kh1 Nf2+ 38. Kh2 Ng4+ $11) 30. Rd3 Qe1+ 31. Rf1
Qe5 32. Qf2 $132 {This looks good for White.}) 28... Qxf2+ 29. Rxf2 Ke6 {
Here Black is obviously out of danger, but somehow I had faith in my position,
estimating it as a level one. But from a human's perspective 2 pawns + the
knight are better than the sole rook, so I had to watch out not to allow
Black's pawn to advance.} 30. Raf1 Rg6 31. Re1+ Kd6 32. Rf5 (32. Ref1 $11 {
was a way to make a repetition.}) 32... d4 (32... h4 {I didn't expect he would
ever go h4, because in the approaching time trouble one wants to have
everything defended.} 33. Re3 c5 34. Rh3 d4 35. Rxh4 Ng4 $13 {and it's a
complicated albeit objectively equal position.}) 33. Ra5 {Not that great, but
I wanted to provoke a6, so that Black's pawn structure loses flexibility, and
he can't play b6 to support an eventual c5-pawn.} ({I rejected the natural} 33.
Kf2 {because of} Ng4+ 34. Kf3 Nh2+ {when it's a draw, as} 35. Ke4 $4 {is
impossible because of} Re6+ $19) (33. Rfe5 {was possibly better, but it
doesn't change the essence of the position.}) 33... a6 34. Rd1 Rg4 (34... c5
35. b4 $1 {was the idea.}) 35. Rf5 Ke6 (35... Nd5 36. Rxh5) 36. Rdf1 Rg6 37.
R5f4 $2 Ke5 $2 (37... c5 $1 {is much better for Black. He does lose a pawn,
but the phalanx will be extremely hard to stop:} 38. b4 b6 39. bxc5 bxc5 40.
Rf5 $2 {That was my idea.} Ne4 41. Rxh5 d3 $19) 38. Rf5+ Ke6 39. R5f4 (39. a4
h4 $1 {Now it is strong, where I'd have to find} 40. R5f4 h3 41. g3 $1 {
to have some chances of survival.}) 39... Ke5 {He didn't mind repeating the
moves, because India was leading by one point at this moment, and Anna
Muzychuk my teammate had a difficult position against Humpy Koneru. Normally I
would have agreed on the draw, but in the given circumstances I decided to
gamble, which in hindsight has paid off.} 40. a4 $5 Nd5 41. Rf5+ Ke4 42. Rxh5
Ne3 43. Rf2 d3 $2 (43... Kd3 $1 44. a5 Rg7 $1 $19 {is a mysterious sequence of
moves suggested by the engine, which claims a winning advantage over -3 for
Black. Well certainly not easy one to figure out, but the thing is that here
White's king and rook are basically stuck, and there is nothing White can
attack. Black will either play Nd1 or prepare slowly c5 with a crushing effect}
) 44. Rh4+ Rg4 45. Rh7 {Now the position is level again, but frankly I thought
that in the worst scenario I would have to defend the endgame R vs R+N, which
took the heat off me.} b5 46. Rh6 Nc4 47. Rxc6 Ke3 48. axb5 $5 {A nice try in
the time trouble, and my opponent had a hard time choosing his reply.} (48.
Re6+ Kd4 49. Re8 bxa4 $5 $11) 48... axb5 (48... d2 $1 {is much simpler:} 49.
Re6+ Kd4 50. Rxd2+ Nxd2 51. bxa6 Rg7 $11) 49. Re6+ Kd4 $2 (49... Re4 $1 {
exchanging rooks is so counter-intuitive, that I think none of us seriously
considered it. But it's the only way for Black to stay in the game according
to the computer:} 50. Rxe4+ Kxe4 51. Kf1 Ke3 52. b3 Na3 $11 {Black has just
enough positional compensation.}) 50. Re8 $1 $16 {This makes a difference, as
the a4-pawn is not hanging anymore.} d2 $2 {The losing mistake.} (50... b4 $5)
(50... Nd6 51. Rd8 Rg6 52. Kf1 $16) 51. Rd8+ Kc5 (51... Ke3 52. Kf1 $18) 52. b3
Na5 (52... Rd4 53. b4+ {was my hidden trap, but unfortunately} (53. Rf5+ {
wins as well})) 53. Rf3 $5 {A very sophisticated, yet strong technical move.}
Rb4 54. Rxd2 (54. Rc3+ $1 Nc4 55. Kf2 $18 {was the simplest}) 54... Nxb3 55.
Rc2+ Rc4 {This one I hadn't seen coming; I thought I was about to win the
knight and the game instead. Unfortunately from now on, in this winnable
position I started to drift, and almost lost the valuable 0.5 a point.} 56.
Rf5+ (56. Rxc4+ bxc4 57. Kf2 Kd4 58. Ke2 Ke4 59. Kd1 Nd4 60. Rc3 $18) 56... Kd6
57. Ra2 Nd4 58. Ra6+ Rc6 59. Rf6+ Kd5 60. Rfxc6 Nxc6 61. Rb6 $4 {This is total
brainlessness, as putting the rook behind the pawn is very tempting in general,
but I totally forgot that Black can drive the rook off with Na5-Nc6, thus
losing a lot of tempi. With the computer's help it appears to be still winning,
but in terms of the practical game, I can say that I missed the win with this
unfortunate move.} (61. Kf2 b4 62. Ke3 $18) 61... Kc5 62. Rb7 b4 63. Kf2 Na5
64. Rb8 Nc6 65. Rb7 Na5 66. Ra7 $6 (66. Rc7+ $8 Kd4 67. Ke2 Nc4 {and now the
star move:} 68. g3 $3 {wins, but I doubt I would ever seen this even in a
classical game :)}) 66... Nc6 $4 (66... Nc4 $1 {is a drawing move. Considering
that we were playing on the increments, I'm not convinced at all that he would
make it, but objectively it is a draw.} 67. Ke2 Kd4 68. Rb7 Kc3 69. g4 (69. Rg7
$5 b3 70. Kd1 Kb2 $3 {is another star move} 71. Rg8 (71. g4 Kc3) 71... Ka2 $11)
69... b3 70. g5 Ne5 71. Rc7+ Kd4 72. Kd1 Ke3 73. Rc5 Kf4 74. Rb5 Ng6 $11 {
A similar drawing mechanism was seen in the old Lasker-Lasker game.}) 67. Ra1
$1 $18 {Now it's game over.} b3 68. Rc1+ Kb5 69. Ke3 Ne7 70. Kd2 Nd5 71. Rc8
Nf4 72. g4 Ne6 73. Kc3 Nc5 74. Kb2 Kb4 75. g5 Nd3+ 76. Kb1 Ne5 77. Re8 Nf3 78.
g6 {A difficult game and not free from errors, but it allowed us to level the
score in the match. In the end team Europe was only a few inches from the
final, losing it on the tiebreaker to the USA team.  From this place I want to
thank once more my teammates and the captain Garry Kimovich Kasparov for the
wonderful time spent together. We were so close!} 1-0

[Event "FRA-ch 91st"]
[Site "Agen"]
[Date "2016.08.13"]
[Round "1"]
[White "Edouard, Romain"]
[Black "Cornette, Matthieu"]
[Result "0-1"]
[WhiteElo "2647"]
[BlackElo "2581"]
[Annotator "Edouard,R"]
[PlyCount "98"]
[EventDate "2016.08.13"]
[EventType "tourn"]
[EventRounds "9"]
[EventCountry "FRA"]
[EventCategory "14"]
[SourceTitle "CBM 174"]
[Source "ChessBase"]
[SourceDate "2016.09.13"]
[SourceVersion "1"]
[SourceVersionDate "2016.09.13"]
[SourceQuality "1"]

1. c4 e6 2. Nc3 d5 3. d4 Bb4 4. a3 Bxc3+ 5. bxc3 c6 $5 {A smart waiting move,
avoiding Bg5 and e3 ideas, and aiming to always take back on d5 with the
c-pawn.} 6. e3 Nf6 7. Bd3 $6 {Trying to keep the option of going Ne2. But this
is just a blunder!} (7. Nf3 {was necessary, but after} O-O 8. Bd3 b6 {followed
by ...Ba6, Black should be very close to equality.}) 7... e5 $1 {Black is just
fine after that move.} 8. Ne2 (8. dxe5 dxc4 9. Bxc4 (9. Be2 $6 Qxd1+ 10. Bxd1
Ne4 11. Ne2 Nd7 $15 {1/2-1/2 (64) Georgiev,V (2532)-Kurajica,B (2555) Solin
CRO 2006}) 9... Qxd1+ 10. Kxd1 Ng4 11. Ke1 Nxe5 12. Be2 Bf5 13. f3 Nd3+ 14.
Bxd3 Bxd3 15. e4 Nd7 16. Be3 f5 17. exf5 Bxf5 18. Ne2 O-O-O $11 {0-1 (91)
Aleksandrov,A (2554)-Yu Yangyi,- (2675) Dubai UAE 2014}) (8. cxd5 e4 9. Bb1
cxd5 10. c4 dxc4 11. Qa4+ Nc6 12. Qxc4 Na5 13. Qb5+ Bd7 14. Qe5+ Be6 15. Ba2
Nc6 16. Qb5 Bxa2 17. Rxa2 Qd5 $11 {1/2-1/2 (60) Sertic,R (2380)-Kurajica,B 
(2548) Sibenik CRO 2010}) 8... e4 9. Bb1 {The most logical move in my opinion,
giving more freedom to the white queen and allowing the option Ra2 for later.}
(9. Bc2 O-O 10. O-O Nbd7 11. Ng3 Nb6 12. c5 Nc4 13. f3 Re8 14. Qe2 b5 15. cxb6
Nd6 16. fxe4 Nfxe4 17. Nxe4 Nxe4 18. bxa7 Rxa7 19. c4 Ba6 20. Bd3 h6 21. cxd5
Bxd3 22. Qxd3 cxd5 $44 {0-1 (57) Sieciechowicz,M (2437)-Mastrovasilis,D (2606)
POL 2016}) 9... O-O (9... dxc4 $2 10. Ng3 Nd5 11. Bd2 $1 f5 12. f3 exf3 13.
Qxf3 O-O 14. O-O $40) 10. Ng3 $5 $146 {Trying to just not allow ...dxc4, and
play f3 as fast as possible.} (10. O-O b6 (10... dxc4 $5) 11. f3 Re8 12. Ng3
exf3 13. gxf3 Bh3 14. Re1 Nbd7 15. e4 dxc4 16. f4 $44 {1-0 (34) Iljiushenok,I 
(2479)-Pustovoitova,D (2337) RUS 2016}) 10... Qa5 $6 ({I believe} 10... b6 {
was critical:} 11. f3 Ba6 12. fxe4 Nxe4 13. Nxe4 dxe4 14. Qe2 Qf6 $13) 11. Bd2
Qa6 12. cxd5 $6 ({After} 12. Qe2 b6 13. a4 {with the idea a5, I believe
White's position is pleasant. But I overestimated the idea I played in the
game.}) 12... cxd5 13. f3 Re8 ({Computer likes} 13... exf3 14. gxf3 Bh3 {
but I think after} 15. Rg1 {Black is under a high pressure.}) 14. Rf1 $6 ({
Logical was} 14. Qe2 b6 15. fxe4 Qxe2+ 16. Kxe2 Ba6+ 17. Bd3 Bxd3+ 18. Kxd3
dxe4+ 19. Kc2 {and White has just a symbolic plus.}) 14... Nc6 {The move I
missed, forgetting when I would go Rxf6 after ...Bg4 the queen on a6 would not
be hanging.} 15. fxe4 (15. h3 Na5 16. fxe4 dxe4 $36) 15... Bg4 16. Qb3 $6 (16.
Qc2 Nxe4 17. Rf4 $1 f5 (17... Nxg3 $4 18. Qxh7+ Kf8 19. Bd3 $18) 18. Qd3 {
was safer.}) 16... Na5 17. Qa2 dxe4 18. Bc2 Rac8 $19 19. h3 Be6 20. Qb1 Bc4 (
20... Qd6 $5 21. Kf2 (21. Nxe4 Nxe4 22. Bxe4 Qg3+ $19) 21... Nc4 22. Bc1 Bd5
$19) 21. Rf4 Bd3 22. Nxe4 Bxc2 (22... Nxe4 $5 {was a nice win:} 23. Bxd3 Nxd2
24. Kxd2 Qc6 $19) 23. Qxc2 Nd5 24. Rf5 Nxe3 $2 {A speculative sacrifice in a
position that was disastrous for White.} (24... Qc6 $19) 25. Bxe3 Nc4 26. Bf4
$2 {Missing Black's 28th move in the game.} (26. Kf2 {was simple and fine, for
example:} Qe6 27. Nf6+ $5 gxf6 28. Bh6 Ne3 29. Rf3 $1 Nxc2 30. Rg3+ Kh8 31.
Bg7+ Kg8 32. Bh6+) 26... Qe6 27. Re5 $2 (27. g4 {was still not disastrous:}
Qxe4+ 28. Qxe4 Rxe4+ 29. Kf2 {and Black is only symbolically better.}) 27...
Nxe5 28. dxe5 Qf5 $1 29. g3 (29. Nf6+ Qxf6 $19 {Oops!}) 29... Rc4 30. O-O-O
Qxe4 31. Qxe4 Rxe4 32. Rd7 h6 33. h4 Rc8 (33... a5 34. Rxb7 Rd8 $19) (33... g5
34. hxg5 hxg5 35. Bxg5 R4xe5 36. Bf6 Re1+ 37. Kc2 R8e2+ 38. Kb3 Rb1+ 39. Kc4
Re6 $19) 34. Kd2 Rc6 $6 (34... a5 35. Rxb7 Rd8+ $19) 35. Rxb7 Ra4 36. Rb8+ Kh7
37. Rb7 Kg6 38. h5+ (38. Be3 {was probably the best try, but Black should win
rather easily after} Rxa3 39. Bd4 h5 $19) 38... Kxh5 39. Rxf7 Kg6 40. Re7 Rxa3
41. e6 Kf6 42. Rf7+ Kxe6 43. Rxg7 Rcxc3 44. Rxa7 $6 (44. Rg6+ Kf5 45. Rxh6 a5
$19) 44... Rxa7 45. Kxc3 h5 46. Kd3 Kf5 47. Ke3 h4 48. Bd6 h3 49. g4+ Ke6 $1 ({
And not} 49... Kxg4 $4 50. Kf2 $11) (49... Ke6 50. Bf4 Ra2 $19) 0-1